Normal view MARC view
  • Armstrong, Jay and dehaan jen

Entry Personal Name

Number of records used in: 2

001 - CONTROL NUMBER

  • control field: 4141

003 - CONTROL NUMBER IDENTIFIER

  • control field: OSt

005 - DATE AND TIME OF LATEST TRANSACTION

  • control field: 20180209131843.0

008 - FIXED-LENGTH DATA ELEMENTS

  • fixed length control field: 180209|| aca||aabn | a|a d

040 ## - CATALOGING SOURCE

  • Original cataloging agency: OSt
  • Transcribing agency: OSt

100 ## - HEADING--PERSONAL NAME

  • Personal name: Armstrong, Jay and dehaan jen

670 ## - SOURCE DATA FOUND

  • Source citation: Work cat.: (OSt)96: Armstrong, Jay and dehaan jen, Macromedia Flash 8: A Tutorial Guide, 2006